| 000 | 00456nmm a2200157Ia 4500 | ||
|---|---|---|---|
| 008 | 251105s9999||||xx |||||||||||||||||und|| | ||
| 020 | _a9587095432 | ||
| 041 | _aspa | ||
| 100 | _aHumar, Yamile | ||
| 245 | 0 | _a¡Mierda llegue a los 50! | |
| 264 |
_a[Bogotá, Colombia] : _bIntermedio Editores, _c2007 |
||
| 300 | _a121 páginas | ||
| 650 | _aSelf-help and personal development | ||
| 856 | _uhttps://public.digitaliapublishing.com/a/52358 | ||
| 942 | _cCF | ||
| 999 |
_c74424 _d74424 |
||